Perspectiva y axonometría

Bibliographic Details
Main Author: Thomare, Reiner
Format: Section = Libro
Language:Undetermined
Spanish
Published: México Gustavo Gili 1978
Subjects:
LEADER 00474nam a2200181Ia 4500
008 240829s9999 xx 000 0 und d
020 |a 968-6085-08-4 
040 |a BIBLIOTECA-RUSB/ 720.28 T452 
041 |a spa 
082 |a 720.28 T452 
100 1 |a Thomare, Reiner 
245 1 0 |a Perspectiva y axonometría 
260 |a México  |b Gustavo Gili  |c 1978 
300 |a 101 p. :il. 
650 7 |a TECNICAS, APARATOS, EQUIPOS, MATERIALES 
942 |c BK  |2 ddc 
991 |a TEXTO 
999 |c 5007